| 000 | 01266nam a22004217a 4500 | ||
|---|---|---|---|
| 001 | 0043103 | ||
| 003 | KOHA_MİRAKIL | ||
| 005 | 20260207003336.0 | ||
| 007 | ta | ||
| 008 | 130730b2013 tu a|||gr||||#||||0|tur | | ||
| 020 | _a9786055416676 | ||
| 040 |
_aTR-BiSEU _btur _cTR-BiSEU _erda |
||
| 041 | 0 | _atur | |
| 044 | _ctu | ||
| 050 |
_aGA1303.5 _b.S69 2013 |
||
| 100 | 1 | _aSoylu, Metin. | |
| 245 | 1 |
_aPiri Reis haritası'nın şifresi/ _cMetin Soylu ; Metin Soylu ; editör Semra Çelik. |
|
| 250 | _a9. Baskı | ||
| 264 | 1 |
_aİstanbul : _bTruva Yayınları _c2013 |
|
| 300 |
_a344 sayfa : _bresimli ; _c21 cm. |
||
| 336 |
_ametin _btxt _2rdacontent |
||
| 337 |
_aaracısız _bn _2rdamedia |
||
| 338 |
_acilt _bnc _2rdacarrier |
||
| 490 | 1 |
_aTruva Yayınları ; _vNo. |
|
| 490 | 1 | _a413. | |
| 490 | 1 |
_aİnceleme - Araştırma ; _vNo. |
|
| 490 | 1 | _a64. | |
| 500 | _aKaynakça var. | ||
| 650 | 0 |
_aHaritacılar--Türkiye. _980218 |
|
| 650 | 0 |
_aHaritacılar--Biyograf. _980219 |
|
| 650 | 0 |
_aManuscripts, Turkish--Facsimiles. _980220 |
|
| 650 | 0 |
_aManuscripts, Turkish. _915934 |
|
| 830 | 1 |
_aTruva Yayınları ; _vNo. _980221 |
|
| 830 | 1 |
_a413. _980222 |
|
| 830 | 1 |
_aİnceleme - Araştırma ; _vNo. _980223 |
|
| 830 | 1 |
_a64. _92564 |
|
| 942 |
_2lcc _cBK |
||
| 999 |
_c42924 _d42924 |
||